000 00561cam a2200181 4500500
005 20260405001456.0
041 _afre
042 _adc
100 1 0 _aTenaillon, Nicolas
_eauthor
245 0 0 _aStratagème n° 26. Adressez-vous à vous-même
260 _c2013.
500 _a82
690 _aMonologue
690 _aRhétorique
690 _aStratagème
786 0 _nPhilosophie magazine | 68 | 4 | 2013-04-01 | p. 38-38 | 1951-1787
856 4 1 _uhttps://shs.cairn.info/magazine-philosophie-magazine-2013-4-page-38?lang=fr&redirect-ssocas=7080
999 _c2048066
_d2048066